"Does 'grease money' speed up the wheeels of commerce?"
Gespeichert in:
| 1. Verfasser: | |
|---|---|
| Weitere Verfasser: | |
| Format: | Buch |
| Sprache: | Englisch |
| Veröffentlicht: |
Washington
International Monetary Fund
2000
|
| Schriftenreihe: | IMF Working Paper
WP/00/64 |
| Schlagworte: | |
| Tags: |
Keine Tags, Fügen Sie das erste Tag hinzu!
|
MARC
| LEADER | 00000nam a2200000 4500 | ||
|---|---|---|---|
| 001 | c124210 | ||
| 005 | 20221221082052.1 | ||
| 041 | 0 | |a eng | |
| 044 | |a US | ||
| 245 | 1 | 0 | |a "Does 'grease money' speed up the wheeels of commerce?" |c Daniel Kaufmann and Shang-Jin Wei |
| 264 | 1 | |a Washington |b International Monetary Fund |c 2000 | |
| 300 | |a 21 s. | ||
| 490 | 1 | |a IMF Working Paper |v WP/00/64 | |
| 830 | 0 | |a IMF Working Paper |v WP/00/64 | |
| 610 | 2 | 0 | |a korupcia |
| 610 | 2 | 0 | |a peniaze |
| 610 | 2 | 0 | |a obchod |
| 610 | 2 | 0 | |a cykly obchodné |
| 100 | 1 | |a Kaufmann, Daniel | |
| 700 | 1 | |a Wei, Shang-Jin | |